LEADER 01118nam--2200385---450- 001 990001900880203316 005 20071017125315.0 010 $a978-88-15-11951-3 035 $a000190088 035 $aUSA01000190088 035 $a(ALEPH)000190088USA01 035 $a000190088 100 $a20040803h2004----km-y0itay50------ba 101 1 $aita$cfre 102 $aIT 105 $ay|||||||001yy 200 1 $a<> media$fFrancis Balle$g[traduzione di Graziella Zattoni Nesi] 210 $aBologna$cIl Mulino$dcopyr. 2004 215 $a121 p.$d22 cm 225 2 $aItinerari$iSociologia 410 0$12001$aItinerari$iSociologia 454 1$12001$a<> médias$930606 606 0 $aComunicazioni di massa 676 $a302.234 700 1$aBALLE,$bFrancis$0123387 702 1$aZATTONI NESI,$bGraziella 801 0$aIT$bsalbc$gISBD 912 $a990001900880203316 951 $aIV.1. 1115$b201902 L.M.$cIV.1.$d00161446 959 $aBK 969 $aUMA 979 $aSIAV8$b10$c20040803$lUSA01$h1519 979 $aANNAMARIA$b90$c20071017$lUSA01$h1253 996 $aMédias$930606 997 $aUNISA